Welcome to the Holygrace Academy Library

Please use search bar below to get started

NEBULA (Record no. 8980)

MARC details
000 -LEADER
fixed length control field 00338nam a22001457a 4500
020 ## - INTERNATIONAL STANDARD BOOK NUMBER
ISBN 978-81-976917-2-0
082 ## - DEWEY DECIMAL CLASSIFICATION NUMBER
Classification number 894.812.3
Item number NAJ/N
100 ## - MAIN ENTRY--AUTHOR NAME
Personal name NAJEEB, NAGEENA
245 ## - TITLE STATEMENT
Title NEBULA
246 ## - VARYING FORM OF TITLE
Title proper/short title NEBULA
Remainder of title NEBULA
260 ## - PUBLICATION, DISTRIBUTION, ETC. (IMPRINT)
Place of publication ALAPPUZHA
Name of publisher SRISHTIPADHAM PUBLICATIONS
Year of publication 2024
300 ## - PHYSICAL DESCRIPTION
Number of Pages 51
650 ## - SUBJECT ADDED ENTRY--TOPICAL TERM
Topical Term MALAYALAM STORIES
942 ## - ADDED ENTRY ELEMENTS (KOHA)
Koha item type Books
Holdings
Withdrawn status Lost status Collection code Home library Current library Shelving location Date acquired Source of acquisition Cost, normal purchase price Full call number Accession Number Koha item type
    Fiction Main Library Main Library On Display 13/10/2024 COTRIBUTION 120.00 894.812.3 NAJ/N 13745 Books